书目信息 |
| 书名: | Hor for words | |
| 作者: | Marina Orlova | |
| 分册号: | ||
| 分册名: | 出版地: | New York |
|
| 出版社: | Harper | |
| 出版时间: | 2009 | |
| 页数: | 196P | |
| 开本: | 21cm | |
| 丛书名: | ||
| 中图分类号: | ||
| 科图分类号: | ||
| 其他分类号: | I228.4 | |
| 主题词: | ||
| 电子资源: | ||
| 000 | 00398nam0 2200157 450 | |
| 001 | 202012196069 | |
| 005 | 20121114093044.0 | |
| 008 | 20010101s | |
| 020 | @a978-0-06-177631-1@c$14.99 | |
| 099 | @dI228.4@eM337 | |
| 245 | 10 | @aHor for words@cMarina Orlova |
| 260 | 0 | @aNew York@b Harper@c2009 |
| 300 | @a196P@c21cm | |
| 905 | @b11312 | |
| 905 | @b0010178 | |
| 905 | @aTSG@dI228.4@eM337 | |
| Hor for words / Marina Orlova.-New York : Harper , 2009 |
| 196P ; 21cm |
| ISBN 978-0-06-177631-1$14.99 |
| ● |
| 相关链接 |
|
|
|
正题名:Hor for words
索取号:I228.4/M337
 
预约/预借
| 序号 | 登录号 | 条形码 | 馆藏地/架位号 | 状态 | 备注 |